Serie A - Teams with Fewest Seasons - Statistics

General Stats
  • This quiz has been taken 19 times
    15 since last reset
  • The average score is 7 of 13
Answer Stats
Number of Seasons Team % Correct
3 Frosinone
85%
1 Carpi
69%
2 Benevento
62%
3 Crotone
62%
2 Monza
62%
3 Reggiana
62%
2 Ternana
54%
2 Ancona
46%
1 Pistoiese
46%
1 Treviso
46%
3 Lecco
38%
3 Legnano
38%
3 Spezia
38%
No matching quizzes found
Score Distribution
Percent of People with Each Score
Percentile by Number Answered
Your Score History
You have not taken this quiz since the last reset